[Event "CYCC U14"]
[Site "Sault Ste Marie CAN"]
[Date "2017.07.06"]
[Round "2.36"]
[White "Makarczyk, David"]
[Black "Surya, Benito"]
[Result "0-1"]
[WhiteElo "1414"]
[BlackElo "1994"]
[WhiteFideId "-1"]
[WhiteFideId "-1"]
[PlyCount "76"]
[GameId "2160767908410492"]
[EventDate "2017.07.06"]
[EventType "swiss"]
[EventRounds "7"]
[EventCountry "CAN"]
[SourceTitle "hb 2017"]

1. e4 d5 2. exd5 Qxd5 3. Nc3 Qa5 4. d4 Nf6 5. Bd2 Bg4 6. f3 Bf5 7. Nge2 e6 8. Ne4 Qd5 9. Nxf6+ gxf6 10. Bc3 h5 11. Ng3 Bg6 12. Bd3 Bxd3 13. Qxd3 f5 14. Ne2 Bh6 15. Bd2 Bxd2+ 16. Qxd2 Nc6 17. c3 O-O-O 18. Qc2 h4 19. Nc1 h3 20. Qe2 hxg2 21. Qxg2 e5 22. Nb3 exd4 23. O-O-O d3 24. Rd2 Rhe8 25. Kb1 Re3 26. Rf1 Ne5 27. f4 Nc4 28. Rdf2 Qxg2 29. Rxg2 Re2 30. Rg3 Rxb2+ 31. Ka1 Rxh2 32. Rd1 d2 33. Rgg1 Ne3 34. Rb1 d1=Q 35. Rbxd1 Rxd1+ 36. Rxd1 Nxd1 37. Nd4 Nxc3 38. Nxf5 Rxa2# 0-1

[Event "CYCC U14"]
[Site "Sault Ste Marie CAN"]
[Date "2017.07.06"]
[Round "2.37"]
[White "Bu, Kevin1"]
[Black "Mirabelli, Aidan"]
[Result "0-1"]
[WhiteElo "1981"]
[BlackElo "1453"]
[WhiteFideId "-1"]
[WhiteFideId "-1"]
[PlyCount "124"]
[GameId "2160767908410493"]
[EventDate "2017.07.06"]
[EventType "swiss"]
[EventRounds "7"]
[EventCountry "CAN"]
[SourceTitle "EXT 2022"]
[Source "ChessBase"]
[SourceDate "2021.10.06"]
[SourceVersion "1"]
[SourceVersionDate "2021.10.06"]
[SourceQuality "1"]

1. e4 c5 2. g3 Nc6 3. Bg2 d6 4. d3 e6 5. f4 Nf6 6. Nf3 Be7 7. Nc3 Qc7 8. O-O a6 9. Nh4 O-O 10. f5 b5 11. fxe6 fxe6 12. Nf3 h6 13. Ne2 d5 14. exd5 exd5 15. Bf4 Bd6 16. Qd2 Be6 17. Rae1 Rae8 18. Bxd6 Qxd6 19. Nf4 Bf7 20. a3 d4 21. h3 g5 22. Ne2 Re3 23. h4 Ne5 24. hxg5 Nxf3+ 25. Rxf3 Ng4 26. Rf4 h5 27. Bf3 Be6 28. Rf1 Re8 29. Re4 Bd5 30. Rxe8+ Rxe8 31. Bxg4 Rxe2 32. Rf8+ Kxf8 33. Qxe2 Qxg3+ 34. Kf1 Qxg4 35. Qf2+ Qf3 36. c3 Qxf2+ 37. Kxf2 Kf7 38. Kg3 Kg6 39. cxd4 cxd4 40. Kf4 h4 41. Kg4 h3 42. Kxh3 Kxg5 43. Kg3 Bb3 44. Kf3 Kf5 45. Ke2 Kf4 46. Kf2 Bc2 47. Ke2 a5 48. Kd2 Bb3 49. Ke2 Kg3 50. Ke1 Kf3 51. Kd2 Kf2 52. a4 Bxa4 53. Kc1 Ke2 54. b3 Bxb3 55. Kb2 Kxd3 56. Kxb3 Ke2 57. Ka3 d3 58. Ka2 d2 59. Ka3 d1=Q 60. Ka2 Kd2 61. Ka3 Kc3 62. Ka2 Qb3+ 0-1

[Event "CYCC U14"]
[Site "Sault Ste Marie CAN"]
[Date "2017.07.06"]
[Round "2.39"]
[White "Washimkar, Arhant"]
[Black "Xu, William1"]
[Result "1-0"]
[WhiteElo "1922"]
[BlackElo "1283"]
[WhiteFideId "-1"]
[WhiteFideId "-1"]
[PlyCount "59"]
[GameId "2160767908410495"]
[EventDate "2017.07.06"]
[EventType "swiss"]
[EventRounds "7"]
[EventCountry "CAN"]
[SourceTitle "EXT 2022"]
[Source "ChessBase"]
[SourceDate "2021.10.06"]
[SourceVersion "1"]
[SourceVersionDate "2021.10.06"]
[SourceQuality "1"]

1. e4 c5 2. Nf3 d6 3. Bb5+ Bd7 4. Bxd7+ Qxd7 5. O-O g6 6. c3 Bg7 7. d4 Nf6 8. Re1 cxd4 9. cxd4 O-O 10. Nc3 Nc6 11. d5 Nd8 12. Qd3 Rc8 13. e5 Ng4 14. e6 fxe6 15. dxe6 Nxe6 16. Qd5 Ne5 17. Nxe5 Bxe5 18. Rxe5 Rf6 19. Ne4 Kf7 20. Nxf6 exf6 21. Re2 Rc5 22. Qb3 Qc8 23. Bd2 d5 24. Qh3 h5 25. Rae1 Ng5 26. Re7+ Kf8 27. Re8+ Qxe8 28. Rxe8+ Kxe8 29. Bxg5 fxg5 30. Qe6+ 1-0

[Event "CYCC U14"]
[Site "Sault Ste Marie CAN"]
[Date "2017.07.06"]
[Round "2.40"]
[White "Yang, Brett"]
[Black "Huang, Jingran"]
[Result "1-0"]
[WhiteElo "1247"]
[BlackElo "1015"]
[WhiteFideId "-1"]
[WhiteFideId "-1"]
[PlyCount "107"]
[GameId "2160767908410496"]
[EventDate "2017.07.06"]
[EventType "swiss"]
[EventRounds "7"]
[EventCountry "CAN"]
[SourceTitle "EXT 2022"]
[Source "ChessBase"]
[SourceDate "2021.10.06"]
[SourceVersion "1"]
[SourceVersionDate "2021.10.06"]
[SourceQuality "1"]

1. e4 c5 2. Nf3 d6 3. d4 cxd4 4. Nxd4 Nf6 5. Nc3 a6 6. Bd3 Bd7 7. O-O e6 8. Bg5 Be7 9. Re1 Nc6 10. Nce2 h6 11. Bh4 O-O 12. Nxc6 Bxc6 13. Nd4 Bd7 14. c3 d5 15. e5 Ne8 16. Bxe7 Qxe7 17. Rc1 f6 18. Qe2 Nc7 19. a3 Rac8 20. c4 fxe5 21. Qxe5 Qf6 22. Qxf6 Rxf6 23. cxd5 Nxd5 24. Rxc8+ Bxc8 25. g3 Kf7 26. Re5 g6 27. Be4 Ne7 28. Rc5 b5 29. Nc6 Bd7 30. Nb8 Bc8 31. Rc7 e5 32. Nc6 Bf5 33. Bd5+ Be6 34. Nxe7 Ke8 35. Bxe6 Rxe6 36. Nd5 Rd6 37. Nc3 h5 38. Rc5 Re6 39. Nd5 Rd6 40. Kf1 Kd7 41. Ke2 Ke6 42. Nb4 a5 43. Nd3 Rd5 44. Rxd5 Kxd5 45. Ke3 g5 46. f4 gxf4+ 47. gxf4 exf4+ 48. Kxf4 Kd4 49. Ne5 h4 50. Ng6 h3 51. Kg3 Kd3 52. Kxh3 Kc2 53. b4 axb4 54. axb4 1-0

[Event "CYCC U14"]
[Site "Sault Ste Marie CAN"]
[Date "2017.07.06"]
[Round "2.41"]
[White "Eirew, Milo"]
[Black "Eckert, Ethan"]
[Result "0-1"]
[WhiteElo "996"]
[BlackElo "1239"]
[WhiteFideId "-1"]
[WhiteFideId "-1"]
[PlyCount "112"]
[GameId "2160767908410498"]
[EventDate "2017.07.06"]
[EventType "swiss"]
[EventRounds "7"]
[EventCountry "CAN"]
[SourceTitle "EXT 2022"]
[Source "ChessBase"]
[SourceDate "2021.10.06"]
[SourceVersion "1"]
[SourceVersionDate "2021.10.06"]
[SourceQuality "1"]

1. e4 e5 2. Nf3 Nc6 3. Nc3 Nf6 4. d4 exd4 5. Nxd4 Bb4 6. Bg5 Qe7 7. Qd3 Qxe4+ 8. Qxe4+ Nxe4 9. Nxc6 dxc6 10. Bd2 Nxd2 11. Kxd2 O-O 12. Bd3 Rd8 13. a3 Bxc3+ 14. bxc3 c5 15. c4 b5 16. Kc3 bxc4 17. Bxc4 Bb7 18. f3 Bd5 19. Rad1 Bxc4 20. Rxd8+ Rxd8 21. Kxc4 Rd2 22. Rb1 g6 23. Rg1 Rxc2+ 24. Kb3 Re2 25. Kc4 Re3 26. Ra1 Re2 27. Rg1 a5 28. Kb5 Rb2+ 29. Kxa5 c4 30. Rc1 Rxg2 31. Kb5 Rxh2 32. a4 Ra2 33. a5 Rb2+ 34. Ka6 Rb4 35. Ka7 Kf8 36. a6 h5 37. Rd1 c3 38. Rd7 c2 39. Rxc7 Rb2 40. f4 h4 41. Rb7 Rxb7+ 42. axb7 c1=Q 43. b8=Q+ Kg7 44. Qe5+ Kh7 45. Qf6 Qa3+ 46. Kb7 Qb3+ 47. Kc7 Qc2+ 48. Kb7 Qb3+ 49. Kc6 Qe6+ 50. Kc7 Qxf6 51. Kb8 Qe7 52. Kc8 h3 53. f5 gxf5 54. Kb8 h2 55. Ka8 h1=Q+ 56. Kb8 Qhb7# 0-1

[Event "CYCC U14"]
[Site "Sault Ste Marie CAN"]
[Date "2017.07.06"]
[Round "2.42"]
[White "Zhang, Kevin3"]
[Black "Cyrenne, Cole"]
[Result "1-0"]
[WhiteElo "1205"]
[BlackElo "993"]
[WhiteFideId "-1"]
[WhiteFideId "-1"]
[PlyCount "99"]
[GameId "2160767908410499"]
[EventDate "2017.07.06"]
[EventType "swiss"]
[EventRounds "7"]
[EventCountry "CAN"]
[SourceTitle "hb 2017"]

1. e4 c5 2. Nf3 Nc6 3. c4 d6 4. Nc3 Nf6 5. d4 Bg4 6. Be2 Bxf3 7. Bxf3 Nxd4 8. O-O Nxf3+ 9. Qxf3 e6 10. Bf4 Qb6 11. b3 O-O-O 12. Rfb1 h6 13. a4 g5 14. Bg3 Bg7 15. e5 g4 16. Qe3 Ne8 17. a5 Qc6 18. Nb5 Kb8 19. exd6 Rd7 20. Ra4 a6 21. Qe2 e5 22. b4 axb5 23. cxb5 Qxd6 24. bxc5 Qxc5 25. b6 Rd4 26. Qe3 Qc2 27. Bxe5+ Nd6 28. Raa1 Re8 29. Bxd6+ Rxd6 30. Qxe8+ Qc8 31. Qxc8+ Kxc8 32. Rc1+ Kd7 33. Ra4 Bb2 34. Rc7+ Kd8 35. g3 f5 36. Rf4 Rd1+ 37. Kg2 Be5 38. Rxb7 Bxf4 39. gxf4 Ra1 40. Ra7 Kc8 41. a6 Kb8 42. Kg3 Rb1 43. Rb7+ Ka8 44. Kh4 Rh1 45. Rg7 Rxh2+ 46. Kg3 Rh3+ 47. Kg2 Rh2+ 48. Kxh2 g3+ 49. Kxg3 h5 50. Rg8# 1-0

[Event "CYCC U14"]
[Site "Sault Ste Marie CAN"]
[Date "2017.07.06"]
[Round "2.43"]
[White "Renard, Christopher"]
[Black "Yang, Brian"]
[Result "0-1"]
[WhiteElo "908"]
[BlackElo "1174"]
[WhiteFideId "-1"]
[WhiteFideId "-1"]
[PlyCount "44"]
[GameId "2160767908410500"]
[EventDate "2017.07.06"]
[EventType "swiss"]
[EventRounds "7"]
[EventCountry "CAN"]
[SourceTitle "EXT 2022"]
[Source "ChessBase"]
[SourceDate "2021.10.06"]
[SourceVersion "1"]
[SourceVersionDate "2021.10.06"]
[SourceQuality "1"]

1. e4 c5 2. Nf3 e6 3. b3 Nc6 4. Bb2 Qc7 5. d4 cxd4 6. Nxd4 Nf6 7. Qd3 a6 8. Nd2 Be7 9. N2f3 d6 10. Nxc6 bxc6 11. e5 dxe5 12. Bxe5 Qa5+ 13. Qd2 Qb6 14. Be2 Bb4 15. Bc3 Ne4 16. Qe3 Qxe3 17. fxe3 Bxc3+ 18. Nd2 Bxd2+ 19. Kd1 O-O 20. Rf1 Rd8 21. Bd3 Bxe3 22. Re1 Nc3# 0-1

[Event "CYCC U14"]
[Site "Sault Ste Marie CAN"]
[Date "2017.07.06"]
[Round "2.44"]
[White "Cloutier, Simon"]
[Black "Ketterer, Quentin"]
[Result "1-0"]
[WhiteElo "1163"]
[BlackElo "818"]
[WhiteFideId "-1"]
[WhiteFideId "-1"]
[PlyCount "41"]
[GameId "2160767908410501"]
[EventDate "2017.07.06"]
[EventType "swiss"]
[EventRounds "7"]
[EventCountry "CAN"]
[SourceTitle "hb 2017"]

1. e4 d5 2. exd5 Qxd5 3. Nc3 Qg5 4. d4 Qf6 5. Nf3 Nc6 6. Be3 Bf5 7. Bc4 e5 8. O-O O-O-O 9. Bg5 Qg6 10. Bxd8 Nxd8 11. Nxe5 Qg5 12. Qf3 Bd6 13. Nb5 Bxe5 14. dxe5 Bg4 15. Qg3 a6 16. Nc3 Ne7 17. h3 Nf5 18. Qxg4 Qxg4 19. hxg4 Nd4 20. Bb3 Nxb3 21. axb3 1-0

[Event "CYCC U14"]
[Site "Sault Ste Marie CAN"]
[Date "2017.07.06"]
[Round "2.45"]
[White "Asemota, Eghosa"]
[Black "Xie, Daniel"]
[Result "1/2-1/2"]
[WhiteElo "799"]
[BlackElo "1102"]
[WhiteFideId "-1"]
[WhiteFideId "-1"]
[PlyCount "98"]
[GameId "2160767908410502"]
[EventDate "2017.07.06"]
[EventType "swiss"]
[EventRounds "7"]
[EventCountry "CAN"]
[SourceTitle "hb 2017"]

1. e4 c5 2. Nc3 Nc6 3. Bc4 e6 4. Nf3 Nge7 5. a3 g6 6. d3 Bg7 7. Bd2 d5 8. exd5 exd5 9. Bb3 O-O 10. O-O Bg4 11. h3 Bxf3 12. Qxf3 Nd4 13. Qd1 Nxb3 14. cxb3 a6 15. Qc1 Rc8 16. Bh6 Nf5 17. Bxg7 Kxg7 18. Re1 b5 19. Qf4 c4 20. d4 cxb3 21. Qe5+ f6 22. Qxd5 Qxd5 23. Nxd5 Nxd4 24. Re7+ Rf7 25. Rxf7+ Kxf7 26. Re1 Re8 27. Rxe8 Kxe8 28. Nc7+ Kd7 29. Nxa6 Nc2 30. Nc5+ Kc6 31. Nxb3 Kd5 32. Kf1 Kc4 33. Nd2+ Kd3 34. Nb1 Nd4 35. Nc3 Kc2 36. a4 bxa4 37. Nxa4 Kb3 38. Nc5+ Kxb2 39. Nd7 Ne6 40. Nxf6 Nf8 41. Ke2 Kc3 42. Ke3 Kc4 43. Kf4 Kd4 44. Kg5 Ke5 45. Ng4+ Ke4 46. Nf6+ Ke5 47. Ng4+ Ke4 48. Nf6+ Ke5 49. Ng4+ Ke4 1/2-1/2

[Event "CYCC U14"]
[Site "Sault Ste Marie CAN"]
[Date "2017.07.07"]
[Round "3.30"]
[White "Hua, Eugene"]
[Black "Gaisinsky, Adam"]
[Result "1/2-1/2"]
[WhiteElo "2358"]
[BlackElo "2056"]
[WhiteFideId "-1"]
[WhiteFideId "-1"]
[PlyCount "74"]
[GameId "2160767908410505"]
[EventDate "2017.07.06"]
[EventType "swiss"]
[EventRounds "7"]
[EventCountry "CAN"]
[SourceTitle "hb 2017"]

1. c4 Nf6 2. g3 e6 3. Bg2 d5 4. Nf3 Be7 5. O-O O-O 6. b3 c5 7. Bb2 Nc6 8. e3 d4 9. exd4 cxd4 10. Re1 Re8 11. d3 Qb6 12. Nbd2 Nd7 13. a3 a5 14. b4 axb4 15. axb4 Rxa1 16. Qxa1 Bxb4 17. Re2 Bc5 18. Ne4 f6 19. Nxc5 Nxc5 20. Nxd4 Nxd3 21. Bc3 Nde5 22. Rb2 Qc5 23. Rb5 Qe7 24. Qb1 Nxc4 25. Be4 f5 26. Nxf5 exf5 27. Bd5+ Be6 28. Bxc4 Bxc4 29. Rxb7 Rb8 30. Rxb8+ Nxb8 31. Qxb8+ Qf8 32. Qe5 Bb3 33. h4 h6 34. Qb5 Be6 35. Qb6 Qf7 36. Qd6 Qd7 37. Qxd7 Bxd7 1/2-1/2

[Event "CYCC U14"]
[Site "Sault Ste Marie CAN"]
[Date "2017.07.07"]
[Round "3.32"]
[White "Huang, Qiuyu"]
[Black "Wang, Kaixin"]
[Result "1-0"]
[WhiteElo "2239"]
[BlackElo "1957"]
[WhiteFideId "-1"]
[WhiteFideId "-1"]
[PlyCount "49"]
[GameId "2160767908410507"]
[EventDate "2017.07.06"]
[EventType "swiss"]
[EventRounds "7"]
[EventCountry "CAN"]
[SourceTitle "hb 2017"]

1. e4 c5 2. Nf3 d6 3. d4 cxd4 4. Nxd4 Nf6 5. Nc3 a6 6. Bg5 e6 7. f4 h6 8. Bh4 Be7 9. Qf3 Nc6 10. Nxc6 bxc6 11. O-O-O O-O 12. Bxf6 gxf6 13. Qh5 Kg7 14. Bc4 Rh8 15. Rhf1 Qf8 16. Rf3 Rh7 17. e5 dxe5 18. fxe5 f5 19. h4 c5 20. g4 Bb7 21. Rf4 fxg4 22. Bd3 Bf3 23. Rg1 f5 24. exf6+ Bxf6 25. Qg6+ 1-0

[Event "CYCC U14"]
[Site "Sault Ste Marie CAN"]
[Date "2017.07.07"]
[Round "3.34"]
[White "Zhang, Henry"]
[Black "Washimkar, Arhant"]
[Result "1-0"]
[WhiteElo "2108"]
[BlackElo "1922"]
[WhiteFideId "-1"]
[WhiteFideId "-1"]
[PlyCount "113"]
[GameId "2160767908410509"]
[EventDate "2017.07.06"]
[EventType "swiss"]
[EventRounds "7"]
[EventCountry "CAN"]
[SourceTitle "hb 2017"]

1. e4 c5 2. Nf3 Nc6 3. d4 cxd4 4. Nxd4 g6 5. c4 Nf6 6. Nc3 Nxd4 7. Qxd4 d6 8. Be3 Bg7 9. Be2 O-O 10. Qd2 Be6 11. O-O Qa5 12. b3 Rfc8 13. Rfc1 a6 14. Rab1 Nd7 15. b4 Qd8 16. Nd5 Bxd5 17. exd5 a5 18. a3 axb4 19. axb4 b6 20. Bd1 Ra3 21. Bb3 Rca8 22. h3 Qb8 23. Qc2 Bf6 24. f4 R8a6 25. Kh2 Qa8 26. Qd1 Qf8 27. Qe2 Qg7 28. Qf2 g5 29. g3 Bc3 30. b5 Ra8 31. fxg5 Ne5 32. Qe2 Nd7 33. Bf4 Be5 34. Rf1 Nc5 35. Rf3 Nxb3 36. Bxe5 Ra2 37. Rb2 Qxe5 38. Rxa2 Qxe2+ 39. Rxe2 Nd4 40. Rfe3 Nxe2 41. Rxe2 Kf8 42. h4 Ra4 43. Re4 Ke8 44. h5 Kf8 45. Kh3 Ra7 46. Kg4 Kg7 47. Kf5 Rc7 48. g6 e6+ 49. dxe6 fxg6+ 50. hxg6 hxg6+ 51. Kf4 Re7 52. g4 Kf6 53. g5+ Kg7 54. Ke3 Re8 55. Kd4 Kf8 56. Kd5 Ke7 57. Rh4 1-0

[Event "CYCC U14"]
[Site "Sault Ste Marie CAN"]
[Date "2017.07.07"]
[Round "3.35"]
[White "Eckert, Ethan"]
[Black "Bu, Kevin1"]
[Result "0-1"]
[WhiteElo "1239"]
[BlackElo "1981"]
[WhiteFideId "-1"]
[WhiteFideId "-1"]
[PlyCount "132"]
[GameId "2160767908410510"]
[EventDate "2017.07.06"]
[EventType "swiss"]
[EventRounds "7"]
[EventCountry "CAN"]
[SourceTitle "EXT 2022"]
[Source "ChessBase"]
[SourceDate "2021.10.06"]
[SourceVersion "1"]
[SourceVersionDate "2021.10.06"]
[SourceQuality "1"]

1. e4 Nf6 2. e5 Nd5 3. c4 Nb6 4. d4 d6 5. exd6 exd6 6. Nc3 Be7 7. Nf3 O-O 8. Bd3 Bf6 9. O-O Bg4 10. Be3 Nc6 11. b3 d5 12. c5 Nc8 13. Rb1 h6 14. Be2 N8e7 15. h3 Bf5 16. Bd3 Re8 17. b4 Qd7 18. Re1 Nd8 19. a4 Ne6 20. b5 Nxc5 21. Bxf5 Nxf5 22. Nxd5 Qxd5 23. dxc5 Nxe3 24. fxe3 Qxc5 25. Rc1 Qb6 26. Kf2 Rad8 27. Qc2 Rd7 28. Rcd1 Rxd1 29. Qxd1 c6 30. Qd3 cxb5 31. axb5 Rd8 32. Nd4 g6 33. Rd1 Bxd4 34. exd4 Rd5 35. Qe3 Kg7 36. Rc1 Qxb5 37. Rc5 Rxc5 38. dxc5 Qc6 39. Qa3 b6 40. cxb6 axb6 41. Kg3 Qc7+ 42. Kf3 Qe5 43. Qb4 b5 44. Kf2 Qd5 45. Kg1 Qc4 46. Qb2+ Kh7 47. Kf2 b4 48. Ke1 Qc3+ 49. Qxc3 bxc3 50. Kd1 Kg7 51. Kc2 Kf6 52. Kxc3 Kf5 53. Kd3 Kf4 54. Ke2 Kg3 55. Kf1 f5 56. Kg1 h5 57. Kh1 f4 58. Kg1 h4 59. Kh1 f3 60. gxf3 Kxf3 61. Kh2 Kf2 62. Kh1 Kg3 63. Kg1 Kxh3 64. Kh1 g5 65. Kg1 g4 66. Kf2 Kh2 0-1

[Event "CYCC U14"]
[Site "Sault Ste Marie CAN"]
[Date "2017.07.07"]
[Round "3.36"]
[White "Feng, Richard"]
[Black "Yang, Brett"]
[Result "1-0"]
[WhiteElo "1866"]
[BlackElo "1247"]
[WhiteFideId "-1"]
[WhiteFideId "-1"]
[PlyCount "47"]
[GameId "2160767908410511"]
[EventDate "2017.07.06"]
[EventType "swiss"]
[EventRounds "7"]
[EventCountry "CAN"]
[SourceTitle "hb 2017"]

1. e4 e5 2. Nf3 Nc6 3. Bc4 Bc5 4. c3 Qe7 5. O-O d6 6. d4 Bb6 7. Bb5 a6 8. Qa4 Bd7 9. Bg5 f6 10. Bd2 Qd8 11. Bxc6 Bxc6 12. Qc2 Ne7 13. dxe5 dxe5 14. Rd1 Qc8 15. c4 Qg4 16. Nc3 O-O-O 17. Nd5 Nxd5 18. cxd5 Bd7 19. Rdc1 Be8 20. Be3 Ba5 21. b4 Bg6 22. bxa5 Kb8 23. Qxc7+ Ka8 24. Qb6 1-0

[Event "CYCC U14"]
[Site "Sault Ste Marie CAN"]
[Date "2017.07.07"]
[Round "3.37"]
[White "Yang, Brian"]
[Black "Chung, Alec"]
[Result "0-1"]
[WhiteElo "1194"]
[BlackElo "1799"]
[WhiteFideId "-1"]
[WhiteFideId "-1"]
[PlyCount "60"]
[GameId "2160767908410512"]
[EventDate "2017.07.06"]
[EventType "swiss"]
[EventRounds "7"]
[EventCountry "CAN"]
[SourceTitle "EXT 2022"]
[Source "ChessBase"]
[SourceDate "2021.10.06"]
[SourceVersion "1"]
[SourceVersionDate "2021.10.06"]
[SourceQuality "1"]

1. e4 c5 2. d3 d6 3. Nf3 Nf6 4. Nbd2 e6 5. g3 Be7 6. Bg2 a6 7. O-O Nbd7 8. c3 b5 9. Re1 Bb7 10. Qe2 O-O 11. d4 cxd4 12. cxd4 Rc8 13. Nh4 Qb6 14. e5 Nd5 15. Qg4 dxe5 16. dxe5 Nb4 17. Bxb7 Qxb7 18. Ndf3 Kh8 19. Bg5 Bxg5 20. Nxg5 h6 21. Qh5 Kg8 22. Nxe6 fxe6 23. Qg4 Qb6 24. Rad1 Nd3 25. Rf1 Nxf2 26. Rxf2 Rxf2 27. Kh1 Rcc2 28. Nf3 Nxe5 29. Rd8+ Qxd8 30. Qxe6+ Kh8 0-1

[Event "CYCC U14"]
[Site "Sault Ste Marie CAN"]
[Date "2017.07.07"]
[Round "3.38"]
[White "Lehingrat, Callum"]
[Black "Zhang, Kevin3"]
[Result "1-0"]
[WhiteElo "1794"]
[BlackElo "1205"]
[WhiteFideId "-1"]
[WhiteFideId "-1"]
[PlyCount "70"]
[GameId "2160767908410513"]
[EventDate "2017.07.06"]
[EventType "swiss"]
[EventRounds "7"]
[EventCountry "CAN"]
[SourceTitle "EXT 2022"]
[Source "ChessBase"]
[SourceDate "2021.10.06"]
[SourceVersion "1"]
[SourceVersionDate "2021.10.06"]
[SourceQuality "1"]

1. d4 d5 2. c4 e5 3. dxe5 d4 4. Nf3 Nc6 5. Bf4 Bf5 6. a3 Nge7 7. Nbd2 g6 8. Nb3 Bg7 9. Nbxd4 O-O 10. e3 a6 11. Be2 Qd7 12. h3 Rad8 13. Bd3 Bxd3 14. Qxd3 Nf5 15. Rd1 Ncxd4 16. exd4 c5 17. d5 b5 18. O-O Rfe8 19. Rfe1 Qb7 20. b3 Ne7 21. Nd2 Nf5 22. Ne4 Bxe5 23. Bxe5 Rxe5 24. Nf6+ Kg7 25. Nh5+ Kf8 26. Rxe5 Nd4 27. Ng3 Qc7 28. Ree1 Qf4 29. Ne2 Nxe2+ 30. Qxe2 Rd6 31. Qe8+ Kg7 32. Qe5+ Rf6 33. Qxf4 Rxf4 34. d6 Rd4 35. Rxd4 cxd4 1-0

[Event "CYCC U14"]
[Site "Sault Ste Marie CAN"]
[Date "2017.07.07"]
[Round "3.39"]
[White "Shinn, Jungmin"]
[Black "Dornieden, Jonas"]
[Result "1/2-1/2"]
[WhiteElo "1079"]
[BlackElo "1729"]
[WhiteFideId "-1"]
[WhiteFideId "-1"]
[PlyCount "47"]
[GameId "2160767908410514"]
[EventDate "2017.07.06"]
[EventType "swiss"]
[EventRounds "7"]
[EventCountry "CAN"]
[SourceTitle "EXT 2022"]
[Source "ChessBase"]
[SourceDate "2021.10.06"]
[SourceVersion "1"]
[SourceVersionDate "2021.10.06"]
[SourceQuality "1"]

1. b3 e5 2. Bb2 Nc6 3. c4 Nf6 4. e3 d6 5. d4 exd4 6. exd4 d5 7. Nf3 Bg4 8. c5 Nb4 9. Qd2 Bxf3 10. gxf3 Nc6 11. Bb5 Qd7 12. Nc3 a6 13. Bf1 Be7 14. h4 Nh5 15. Ne2 Qf5 16. f4 a5 17. a3 b6 18. Rc1 bxc5 19. dxc5 Bf6 20. Qe3+ Qe4 21. Qxe4+ dxe4 22. Bxf6 Nxf6 23. Bg2 O-O 24. Ng3 1/2-1/2

[Event "CYCC U14"]
[Site "Sault Ste Marie CAN"]
[Date "2017.07.07"]
[Round "3.40"]
[White "Papneja, Arul"]
[Black "Cloutier, Simon"]
[Result "1-0"]
[WhiteElo "1682"]
[BlackElo "1163"]
[WhiteFideId "-1"]
[WhiteFideId "-1"]
[PlyCount "121"]
[GameId "2160767908410515"]
[EventDate "2017.07.06"]
[EventType "swiss"]
[EventRounds "7"]
[EventCountry "CAN"]
[SourceTitle "hb 2017"]

1. e4 e5 2. Bc4 Bc5 3. Nc3 Nf6 4. d3 O-O 5. Bg5 Be7 6. Nge2 Nc6 7. O-O d6 8. h3 Be6 9. Be3 Bxc4 10. dxc4 Nd7 11. a3 Nb6 12. Qd3 Bg5 13. Nd5 Bxe3 14. Nxe3 Ne7 15. Nc3 Qd7 16. a4 a5 17. Rfd1 f5 18. c5 f4 19. Nc4 Nxc4 20. Qxc4+ Kh8 21. cxd6 cxd6 22. Qd3 Rf6 23. Nb5 Rd8 24. f3 h6 25. Rd2 Qc6 26. Qa3 Nc8 27. Rad1 Kh7 28. b3 b6 29. c4 Qc5+ 30. Qxc5 bxc5 31. Rd5 Kg6 32. Rxe5 Nb6 33. Re7 Nc8 34. Rc7 Kh7 35. Rc6 Re6 36. Rxc5 dxc5 37. Rxd8 Nb6 38. Rd6 Rxd6 39. Nxd6 Kg6 40. Nb7 Nd7 41. Nxa5 Kf7 42. Nb7 Ke7 43. a5 Nb8 44. Nxc5 Kd6 45. b4 Kc6 46. e5 g5 47. e6 Kd6 48. a6 Nc6 49. b5 Kxc5 50. bxc6 Kxc6 51. e7 Kd7 52. a7 Kxe7 53. a8=Q Kd6 54. Qd5+ Ke7 55. c5 Kf6 56. c6 Kg6 57. c7 Kh5 58. Qd8 Kh4 59. c8=Q Kh5 60. Qe8+ Kh4 61. Qg4# 1-0

[Event "CYCC U14"]
[Site "Sault Ste Marie CAN"]
[Date "2017.07.07"]
[Round "3.42"]
[White "Patel, Ayush"]
[Black "Makarczyk, David"]
[Result "0-1"]
[WhiteElo "1135"]
[BlackElo "1414"]
[WhiteFideId "-1"]
[WhiteFideId "-1"]
[PlyCount "92"]
[GameId "2160767908410517"]
[EventDate "2017.07.06"]
[EventType "swiss"]
[EventRounds "7"]
[EventCountry "CAN"]
[SourceTitle "EXT 2022"]
[Source "ChessBase"]
[SourceDate "2021.10.06"]
[SourceVersion "1"]
[SourceVersionDate "2021.10.06"]
[SourceQuality "1"]

1. e4 c5 2. d3 Nc6 3. Nc3 Nf6 4. Bf4 d5 5. f3 d4 6. Nce2 e5 7. Bg3 Be6 8. b3 Bd6 9. c4 Qa5+ 10. Kf2 Qa3 11. Qd2 h6 12. f4 Ng4+ 13. Ke1 Ne3 14. fxe5 Bxe5 15. Nf3 Bxg3+ 16. hxg3 Nb4 17. Rc1 Qxa2 18. Kf2 Qxd2 19. Nxd2 Nxd3+ 20. Kg1 Nxc1 21. Nxc1 Nxf1 22. Nxf1 O-O-O 23. Nd3 b6 24. Ne5 Kc7 25. Nd2 Rhe8 26. Ndf3 f6 27. Ng6 Bf7 28. Nf4 Rxe4 29. Kf2 Rde8 30. Re1 Rxe1 31. Nxe1 Re3 32. Nd5+ Bxd5 33. cxd5 Rxb3 34. g4 Kd6 35. Nf3 Rxf3+ 36. gxf3 Kxd5 37. Ke2 Kc4 38. Kd2 a5 39. Kc2 d3+ 40. Kd1 a4 41. Kc1 a3 42. Kb1 Kc3 43. Kc1 d2+ 44. Kd1 Kd3 45. f4 a2 46. g5 a1=R# 0-1

[Event "CYCC U14"]
[Site "Sault Ste Marie CAN"]
[Date "2017.07.07"]
[Round "3.44"]
[White "Xie, Daniel"]
[Black "Laird, Alexander"]
[Result "1-0"]
[WhiteElo "1102"]
[BlackElo "1101"]
[WhiteFideId "-1"]
[WhiteFideId "-1"]
[PlyCount "63"]
[GameId "2160767908410519"]
[EventDate "2017.07.06"]
[EventType "swiss"]
[EventRounds "7"]
[EventCountry "CAN"]
[SourceTitle "hb 2017"]

1. e4 Nf6 2. e5 Nd5 3. d4 e6 4. a3 c5 5. c3 Qa5 6. Bd2 d6 7. c4 Nc3 8. Bxc3 Qb6 9. exd6 Bxd6 10. d5 O-O 11. Be2 exd5 12. cxd5 Re8 13. Nf3 Bg4 14. O-O Nd7 15. Nbd2 Re7 16. Nc4 Qc7 17. Nxd6 Qxd6 18. b4 b6 19. Qd2 Rae8 20. Rfe1 Bxf3 21. Bxf3 Nf6 22. Rxe7 Rxe7 23. Re1 Rd7 24. Bxf6 gxf6 25. Re8+ Kg7 26. h4 h6 27. Qe2 Rc7 28. Be4 Qf4 29. g3 Qxe4 30. Qxe4 c4 31. Qg4+ Kh7 32. Qg8# 1-0

[Event "CYCC U14"]
[Site "Sault Ste Marie CAN"]
[Date "2017.07.07"]
[Round "3.45"]
[White "Huang, Jingran"]
[Black "Asemota, Eghosa"]
[Result "1-0"]
[WhiteElo "1015"]
[BlackElo "799"]
[WhiteFideId "-1"]
[WhiteFideId "-1"]
[PlyCount "65"]
[GameId "2160767908410520"]
[EventDate "2017.07.06"]
[EventType "swiss"]
[EventRounds "7"]
[EventCountry "CAN"]
[SourceTitle "EXT 2022"]
[Source "ChessBase"]
[SourceDate "2021.10.06"]
[SourceVersion "1"]
[SourceVersionDate "2021.10.06"]
[SourceQuality "1"]

1. e4 c5 2. Nf3 d6 3. d4 cxd4 4. Nxd4 a6 5. c4 e5 6. Nf3 Nf6 7. Nc3 Nc6 8. Be3 Be6 9. Be2 g6 10. h3 h6 11. Qd2 Bg7 12. O-O Kf8 13. Rad1 Ne8 14. c5 dxc5 15. Bxc5+ Kg8 16. Qe3 Qc7 17. Qd2 b6 18. Be3 Rd8 19. Qc2 Rxd1 20. Rxd1 Nf6 21. Bxa6 Nb4 22. Qa4 Nxa6 23. Qxa6 Nd7 24. Qd3 Kh7 25. Nd5 Bxd5 26. Qxd5 Rd8 27. Qxf7 Qc6 28. Qe7 Qc7 29. Nxe5 Qc2 30. Rxd7 Rxd7 31. Qxd7 Qxe4 32. Ng4 g5 33. Nf6+ 1-0